| 000 | 01600nam a2200337 a 4500 | ||
|---|---|---|---|
| 999 |
_c122715 _d122715 |
||
| 003 | BLK | ||
| 005 | 20240430132927.0 | ||
| 008 | 180409b bul|||||r ||||||| ||bul|| | ||
| 010 | _aKNG00128361000 | ||
| 040 | _aBLK | ||
| 041 |
_aBUL _cBUL |
||
| 080 |
_aБългарска литература _b821.163.2 _x-992 _z821.163.2-992 |
||
| 100 | 1 |
_aАнтонов-Тонич, Антон _eпърви автор _gАнтонов, Антон Константинов _9265826 |
|
| 139 |
_aАнтонов-Тонич, Антон _bА 75 |
||
| 245 | 1 | 0 |
_aВ плен на златната богиня - Испания 82 _bПътеписи _cАнтон Антонов-Тонич; * Антон Константинов Антонов. |
| 250 | _a2. доп. изд. | ||
| 257 | _aBGR | ||
| 260 |
_aСофия _bМедицина и физкултура _c1983 _fПловдив : Д. Благоев |
||
| 300 |
_a320 с. _c22 см |
||
| 380 | _aX | ||
| 500 | _aПълното име на авт. Антон Константинов Антонов. - 1. изд. 1973. - 15 100 тир. - Впечатления от световните първенства по футбол. | ||
| 650 | 7 |
_9176248 _aФутбол |
|
| 653 | 7 |
_9198800 _aтурнири |
|
| 700 | 1 |
_aАнтонов, Антон Константинов _e* _9376977 |
|
| 852 |
_aЦб 120196 _bЦб |
||
| 856 | 4 | _qpdf | |
| 856 | 4 | _qpdf | |
| 942 |
_cKNG _n0 _s1 _01 |
||
| 944 |
_aCR _c06.03.2012 _lХристина Везирева _k30535 |
||
| 944 |
_aED _c06.03.2012 _l06.03.2012 - от С1,Р / 06.03.2012 |
||